Dying for the faith, killing for the faith : Old-Testament faith-warriors (1 and 2 Maccabees) in historical perspective /

Bibliographic Details
Corporate Author: ebrary, Inc
Other Authors: Signori, Gabriela, 1960-
Format: eBook
Language:English
Published: Leiden ; Boston : Brill, 2012.
Series:Brill's studies in intellectual history ; v. 206.
Subjects:
Online Access:Connect to the full text of this electronic book

MARC

Tag First Indicator Second Indicator Subfields
LEADER 00000cam a22000001a 4500
001 in00002860021
006 m |o d |
007 cr |n|||||||||
008 121029s2012 ne a ob 001 0 eng d
005 20250816212356.5
020 |a 9004211047 (electronic bk.) 
020 |a 9789004211049 (electronic bk.) 
020 |z 9789004211056 (hardback : alk. paper) 
020 |z 9004211055 (hardback : alk. paper) 
035 |a (NhCcYBP)ebr10525102 
040 |a NhCcYBP  |c NhCcYBP  |d UtOrBLW 
050 4 |a BS1825.52  |b .D95 2012 
082 0 4 |a 229/.708303609  |2 23 
245 0 0 |a Dying for the faith, killing for the faith :  |b Old-Testament faith-warriors (1 and 2 Maccabees) in historical perspective /  |c edited by Gabriela Signori. 
264 1 |a Leiden ;  |a Boston :  |b Brill,  |c 2012. 
300 |a 1 online resource. 
336 |a text  |b txt  |2 rdacontent 
337 |a computer  |b c  |2 rdamedia 
338 |a online resource  |b cr  |2 rdacarrier 
490 1 |a Brill's studies in intellectual history,  |x 0920-8607 ;  |v v. 206 
504 |a Includes bibliographical references and index. 
505 0 |a Martyrdom, violence, and immortality : the origins of a religious complex / Jan Assmann -- The war of the Hasmoneans / Kai Trampedach -- The veneration of the Maccabean brothers in fourth century Antioch : religious competition, martyrdom, and innovation / Johannes Hahn -- The cult of the Maccabees in the Eastern Orthodox Church / Albrecht Berger -- The mother and seven sons in late antique and medieval Ashkenazi Judaism : narrative transformation and communal identity / Daniel Joslyn-Siemiatkoski -- The Maccabees and the Battle of Antioch / Elizabeth Lapina -- Hate preachers and religious warriors : violence in the Libelli de lite of the late eleventh century / Oliver Münsch -- The Maccabees as role models in the German order / Henrike Lähnemann -- The reception of the books of the Maccabees in the Hussite Reformation / Pavlína Rychterová and Pavel Soukup -- The Renaissance of the Maccabees : Old Testament Jews, German humanists, and the Cult of the Saints in early modern Cologne / David J. Collins -- On the path of the Maccabees? : the rhetoric of 'holy war' in the sermons and pamphlets of 'Puritans' in the run-up to the English Civil War (1620-1642) / Andreas Pečar -- "If to fall, for laws, religion, liberty, we fall" : Georg Frideric Handel's Maccabee oratorios / Daniel Weidner -- The reception of an unread author : Zacharias Werner's "mother of the Maccabees" / Gabriel Stoukalov-Pogodin. 
588 |a Description based on print version record. 
500 |a Electronic resource. 
630 0 0 |a Bible.  |p Maccabees  |x Criticism, interpretation, etc.  |x History. 
655 7 |a Electronic books.  |2 local 
700 1 |a Signori, Gabriela,  |d 1960- 
710 2 |a ebrary, Inc. 
776 1 8 |c Original  |z 9789004211056  |z 9004211055  |w (DLC) 2011034516 
830 0 |a Brill's studies in intellectual history ;  |v v. 206. 
856 4 0 |u https://ebookcentral.proquest.com/lib/tamucs/detail.action?docID=842206  |y Connect to the full text of this electronic book  |t 0 
955 |a YBP purchased DDA e-records 
999 f f |s 81598057-2ea2-326a-a375-a79a6765a9bb  |i a89fc0cd-75b1-3d8b-883e-48be3687394c  |t 0 
999 |a MARS 
952 f f |a Texas A&M University  |b College Station  |c Electronic Resources  |d Available Online  |t 0  |e BS1825.52 .D95 2012  |h Library of Congress classification 
998 f f |a BS1825.52 .D95 2012  |t 0  |l Available Online